[Event "Southend op-A"]
[Site "Southend"]
[Date "2006.04.17"]
[Round "7"]
[White "Low, Ying Min"]
[Black "Hamperl, Fred A"]
[Result "0-1"]
[WhiteElo "2001"]
[BlackElo "2010"]
[PlyCount "76"]
[EventDate "2006.04.14"]
[EventType "swiss"]
[EventRounds "7"]
[EventCountry "ENG"]
[SourceTitle "EXT 2007"]
[Source "ChessBase"]
[SourceDate "2006.11.23"]
[SourceVersion "1"]
[SourceVersionDate "2006.11.23"]
[SourceQuality "1"]

1. d4 Nf6 2. c4 c5 3. d5 e6 4. Nc3 exd5 5. cxd5 d6 6. e4 g6 7. f4 Bg7 8. Bb5+ Nfd7 9. a4 0-0 10. Nf3 Na6 11. 0-0 Nb4 12. Re1 a6 13. Bf1 Re8 14. Be3 Nf6 15. Bf2 Bg4 16. Rc1 Rc8 17. h3 Bxf3 18. Qxf3 Qd7 19. e5 dxe5 20. fxe5 Nh5 21. g4 Bh6 22. gxh5 Bxc1 23. Rxc1 Rxe5 24. hxg6 hxg6 25. Rd1 Rf5 26. Qg4 Qd8 27. h4 Qf6 28. Rd2 Rd8 29. Bg2 Rf4 30. Qe2 c4 31. Ne4 Qf5 32. Bg3 Nd3 33. Bxf4 Qxf4 34. Qf3 Qxh4 35. Qg3 Qh8 36. Qg5 Qd4+ 37. Kf1 Re8 38. Nf6+ Qxf6+ 0-1

[Event "Southend op-A"]
[Site "Southend"]
[Date "2006.04.16"]
[Round "5"]
[White "Low, Ying Min"]
[Black "Kilpatrick, Callum"]
[Result "1/2-1/2"]
[WhiteElo "2001"]
[BlackElo "2052"]
[PlyCount "43"]
[EventDate "2006.04.14"]
[EventType "swiss"]
[EventRounds "7"]
[EventCountry "ENG"]
[SourceTitle "EXT 2007"]
[Source "ChessBase"]
[SourceDate "2006.11.23"]
[SourceVersion "1"]
[SourceVersionDate "2006.11.23"]
[SourceQuality "1"]

1. d4 Nf6 2. c4 g6 3. Nc3 Bg7 4. e4 0-0 5. Nf3 d6 6. Be2 e5 7. 0-0 Na6 8. Be3 Ng4 9. Bg5 Qe8 10. d5 h6 11. Bc1 f5 12. Ne1 Nf6 13. f3 g5 14. Be3 Qg6 15. exf5 Bxf5 16. Bd3 Rae8 17. Bxf5 Qxf5 18. Nd3 Qd7 19. Nf2 b6 20. Nfe4 Nh5 21. Rb1 Nf4 22. b4 1/2-1/2

[Event "BCF-chT2 0506 (4NCL)"]
[Site "Birmingham"]
[Date "2006.01.15"]
[Round "6.7"]
[White "Jenks, Chris Bruce"]
[Black "Low, Ying Min"]
[Result "1/2-1/2"]
[WhiteElo "2120"]
[BlackElo "2010"]
[PlyCount "113"]
[EventDate "2005.10.22"]
[EventType "team"]
[EventRounds "11"]
[EventCountry "ENG"]
[SourceTitle "EXT 2007"]
[Source "ChessBase"]
[SourceDate "2006.11.23"]
[SourceVersion "1"]
[SourceVersionDate "2006.11.23"]
[SourceQuality "1"]
[WhiteTeam "Wessex"]
[BlackTeam "Cambridge"]
[WhiteTeamCountry "ENG"]
[BlackTeamCountry "ENG"]

1. d4 Nf6 2. Bf4 d5 3. e3 c5 4. c3 cxd4 5. exd4 Nc6 6. Bd3 Bg4 7. Qb3 Qd7 8. Nd2 e6 9. Ngf3 Bxf3 10. Nxf3 a6 11. 0-0 Be7 12. Ne5 Nxe5 13. dxe5 Nh5 14. Be3 g6 15. f4 Ng7 16. Kh1 Rc8 17. Qc2 Bc5 18. Bxc5 Rxc5 19. Qf2 Rc7 20. Rae1 Qe7 21. g4 h5 22. f5 gxf5 23. gxf5 Nxf5 24. Bxf5 exf5 25. Qxf5 Qe6 26. Qxe6+ fxe6 27. Rf6 Re7 28. Kg2 Kd7 29. Kh3 Rg7 30. c4 dxc4 31. Rd1+ Kc7 32. Rxe6 Rd8 33. Rxd8 Kxd8 34. Rd6+ Kc7 35. a4 Re7 36. Rd4 b5 37. axb5 axb5 38. Re4 Kc6 39. Kg3 Kd5 40. Kf4 Rf7+ 41. Ke3 Re7 42. Kf4 b4 43. Re2 c3 44. bxc3 bxc3 45. Kf5 Rf7+ 46. Kg6 Ke6 47. Kxh5 Rc7 48. Rc2 Kf5 49. Kh6 Rc6+ 50. Kg7 Kxe5 51. h4 Kf5 52. h5 Kg5 53. Kf7 Kxh5 54. Ke7 Kg4 55. Kd7 Rc4 56. Kd6 Kf3 57. Kd5 1/2-1/2

[Event "BCF-chT4 0506 (4NCL)"]
[Site "West Bromwich"]
[Date "2005.11.06"]
[Round "2.4"]
[White "Low, Ying Min"]
[Black "Lysons, John"]
[Result "0-1"]
[WhiteElo "2050"]
[BlackElo "1950"]
[PlyCount "52"]
[EventDate "2005.11.05"]
[EventType "team"]
[EventRounds "11"]
[EventCountry "ENG"]
[SourceTitle "CBM 109 Extra"]
[Source "ChessBase"]
[SourceDate "2006.01.03"]
[SourceVersion "2"]
[SourceVersionDate "2006.01.03"]
[SourceQuality "1"]
[WhiteTeam "Cambridge II"]
[BlackTeam "3CS Oldham II"]
[WhiteTeamCountry "ENG"]
[BlackTeamCountry "ENG"]

1. d4 d5 2. c4 c6 3. Nf3 Nf6 4. Nc3 dxc4 5. a4 Bf5 6. Ne5 e6 7. f3 Bb4 8. Bg5 h6 9. Bxf6 Qxf6 10. Nxc4 Nd7 11. e4 Bh7 12. Qb3 a5 13. Rd1 0-0 14. Be2 Rfd8 15. 0-0 Nf8 16. Nb6 Rab8 17. d5 exd5 18. exd5 Qe5 19. Nc4 Qc7 20. dxc6 bxc6 21. Qa2 Ne6 22. Ne4 Nf4 23. Rxd8+ Rxd8 24. Bd1 Qa7+ 25. Kh1 Bxe4 26. fxe4 Qf2 0-1

[Event "BCF-chT4a 0405 (4NCL)"]
[Site "Telford"]
[Date "2005.04.17"]
[Round "8.3"]
[White "Roberson, Peter T"]
[Black "Low, Ying Min"]
[Result "1-0"]
[WhiteElo "2139"]
[BlackElo "2027"]
[PlyCount "127"]
[EventDate "2004.11.06"]
[EventType "team"]
[EventRounds "11"]
[EventCountry "ENG"]
[SourceTitle "EXT 2006"]
[Source "ChessBase"]
[SourceDate "2005.11.24"]
[SourceVersion "1"]
[SourceVersionDate "2005.11.24"]
[SourceQuality "1"]
[WhiteTeam "Slough Sharks II"]
[BlackTeam "Cambridge II"]
[WhiteTeamCountry "ENG"]
[BlackTeamCountry "ENG"]

1. e4 c5 2. c3 d5 3. exd5 Qxd5 4. d4 Nf6 5. Nf3 Bg4 6. dxc5 Qxc5 7. Na3 a6 8. Be3 Qc7 9. Qa4+ Nbd7 10. Rd1 Bxf3 11. gxf3 e6 12. Bg2 Rd8 13. f4 Be7 14. 0-0 0-0 15. Qc4 Qa5 16. Nc2 Qh5 17. Nd4 Nb6 18. Qe2 Qxe2 19. Nxe2 Nbd5 20. Bf3 b5 21. Nd4 Rc8 22. Rd3 Rfd8 23. Rfd1 b4 24. Ne2 bxc3 25. Nxc3 Nxe3 26. fxe3 Rxd3 27. Rxd3 Rd8 28. Rxd8+ Bxd8 29. Kf2 Kf8 30. Ke2 Ke7 31. Kd3 Kd6 32. b4 Bb6 33. Na4 Ba7 34. Nb2 Kc7 35. Nc4 Nd7 36. a3 Nb6 37. Ne5 f6 38. Nc6 Bb8 39. Kd4 Nd7 40. Nxb8 Kxb8 41. Bg4 Nf8 42. Be2 Kb7 43. Kc5 Ng6 44. Bd3 f5 45. Kd6 Nh4 46. Kxe6 g6 47. Bc4 Kb6 48. Bd5 Kb5 49. Kf6 h6 50. Kg7 g5 51. Kxh6 g4 52. Kg5 Nf3+ 53. Kxf5 Nxh2 54. Bg2 Ka4 55. Kg5 Kxa3 56. f5 Nf3+ 57. Kxg4 Ne5+ 58. Kf4 Nd3+ 59. Ke4 Nf2+ 60. Kd4 Ng4 61. e4 Kxb4 62. e5 a5 63. f6 Nh6 64. e6 1-0